Lectures on Riemann surfaces /
Guardado en:
| Autor Principal: | |
|---|---|
| Formato: | Libro |
| Idioma: | English German |
| Publicado: |
New York :
Springer-Verlag,
c1981.
|
| Series: | Graduate texts in mathematics ;
81 |
| Materias: | |
| Etiquetas: |
Agregar Etiqueta
Sin Etiquetas, Sea el primero en etiquetar este registro!
|
| LEADER | 00877pam a2200253 a 4500 | ||
|---|---|---|---|
| 001 | MAT.inmabb003763 | ||
| 008 | 810622s1981####nyu######b####001#0#eng## | ||
| 005 | 20130326232850.0 | ||
| 245 | 1 | 0 | |a Lectures on Riemann surfaces / |c Otto Forster ; translated by Bruce Gilligan. |
| 260 | |a New York : |b Springer-Verlag, |c c1981. | ||
| 300 | |a viii, 254 p. ; |c 25 cm. | ||
| 440 | 0 | |a Graduate texts in mathematics ; |v 81 | |
| 500 | |a Traducción de: Riemannsche Flächen. Springer, 1977. | ||
| 504 | |a Incluye referencias bibliográficas (p. 243-245) e índices. | ||
| 510 | 4 | |a MR, |c 83d:30046 | |
| 020 | |a 0387906177 | ||
| 100 | 1 | |a Forster, Otto, |d 1937- | |
| 240 | 1 | 0 | |a Riemannsche Flächen. |l Inglés |
| 650 | 0 | |a Riemann surfaces. | |
| 084 | |a 30Fxx (14H55 32-01) |2 msc2000 | ||
| 010 | |a 81009054 | ||
| 040 | |a DLC |c DLC |d DLC | ||
| 041 | 1 | |a eng |h ger | |
| 859 | |h 30 |i F733 |p A-6006 |b BIB. MATEMATICA | ||
